African women writing diaspora : (Record no. 32049)

000 -LEADER
fixed length control field 01312cam a2200337 i 4500
001 - CONTROL NUMBER
control field 21906763
005 - DATE AND TIME OF LATEST TRANSACTION
control field 20240709131816.0
006 - FIXED-LENGTH DATA ELEMENTS--ADDITIONAL MATERIAL CHARACTERISTICS
fixed length control field m |o d |
007 - PHYSICAL DESCRIPTION FIXED FIELD--GENERAL INFORMATION
fixed length control field cr_|||||||||||
008 - FIXED-LENGTH DATA ELEMENTS--GENERAL INFORMATION
fixed length control field 210216s2021 mdu ob 001 0 eng
010 ## - LIBRARY OF CONGRESS CONTROL NUMBER
LC control number 2021007205
020 ## - INTERNATIONAL STANDARD BOOK NUMBER
International Standard Book Number 9781793642448
020 ## - INTERNATIONAL STANDARD BOOK NUMBER
Canceled/invalid ISBN 9781793642431
040 ## - CATALOGING SOURCE
Original cataloging agency DLC
Language of cataloging eng
Transcribing agency DLC
Description conventions rda
Modifying agency DLC
042 ## - AUTHENTICATION CODE
Authentication code pcc
043 ## - GEOGRAPHIC AREA CODE
Geographic area code f------
050 00 - LIBRARY OF CONGRESS CALL NUMBER
Classification number PL 8010 .A3546 2021
245 00 - TITLE STATEMENT
Title African women writing diaspora :
Remainder of title transnational perspectives in the twenty-first century /
Statement of responsibility, etc. edited by Rose A. Sackeyfio.
260 ## - PUBLICATION, DISTRIBUTION, ETC. (IMPRINT)
Place of publication, distribution, etc. Lanham:
Name of publisher, distributor, etc. Lexington Books,
Date of publication, distribution, etc. 2021
300 ## - PHYSICAL DESCRIPTION
Extent 1 online resource (viii, 138 pages)
504 ## - BIBLIOGRAPHY, ETC. NOTE
Bibliography, etc Includes bibliographical references and index.
650 #0 - SUBJECT ADDED ENTRY--TOPICAL TERM
Topical term or geographic name as entry element African literature
Geographic subdivision 21st century
General subdivision History and criticism.
650 #0 - SUBJECT ADDED ENTRY--TOPICAL TERM
Topical term or geographic name as entry element African literature
General subdivision Women authors
-- History and criticism.
650 #0 - SUBJECT ADDED ENTRY--TOPICAL TERM
Topical term or geographic name as entry element African diaspora in literature.
650 #0 - SUBJECT ADDED ENTRY--TOPICAL TERM
Topical term or geographic name as entry element Women, Black, in literature.
650 #0 - SUBJECT ADDED ENTRY--TOPICAL TERM
Topical term or geographic name as entry element Identity (Philosophical concept) in literature.
700 1# - ADDED ENTRY--PERSONAL NAME
Personal name Sackeyfio, Rose A.,
Relator term editor.
776 08 - ADDITIONAL PHYSICAL FORM ENTRY
Relationship information Print version:
Title African women writing diaspora
Place, publisher, and date of publication Lanham : Lexington Books, [2021]
International Standard Book Number 9781793642431
Record control number (DLC) 2021007204
942 ## - ADDED ENTRY ELEMENTS (KOHA)
Source of classification or shelving scheme
Koha item type Hard Covered Materials
Classification part PL 8010 .A3546 2021
Holdings
Withdrawn status Lost status Source of classification or shelving scheme Damaged status Not for loan Home library Current library Shelving location Date acquired Source of acquisition Cost, normal purchase price Total Checkouts Full call number Barcode Date last seen Price effective from Koha item type Date last checked out
          MACHAKOS UNIVERSITY LIBRARY MACHAKOS UNIVERSITY LIBRARY Open shelf 14/06/2024 Turaco Books Limited 5438.64   PL 8010 .A3546 2021 39938 09/07/2024 09/07/2024 Hard Covered Materials  
          MACHAKOS UNIVERSITY LIBRARY MACHAKOS UNIVERSITY LIBRARY Open shelf 14/06/2024 Turaco Book Limited 5438.64 2 PL 8010 .A3546 2021 39940 30/01/2026 09/07/2024 Hard Covered Materials 12/01/2026
© Machakos University Library, Along The Highway, Machakos Wote Rd, Machakos, Kenya P.O. Box 136 - 90100 Machakos - Kenya

Tel: ( +254 ) 723 805829 OR Fax : 044-20353 OR Email: library@mksu.ac.ke